000
00244nam a2200109 a 4500
005
20140414132013.0
008
110314s19uu xx 00 eng d
050
_a
TR
_b
AL1 1990
245
_a
Aladdin.
260
_b
Walt Disney.
999
_c
113326
_d
113326